000 01014nai a22002057a 4500
003 OSt
005 20191015171029.0
008 160902b xxu||||| |||| 00| 0 eng d
022 _a2521-2508 (impreso); 2521-2516 (online)
040 _aBMC
_cBMC
082 _a343.07197284
245 0 0 _aEducación militar y cultura
_b: Comando de doctrina y educación militar
_c[Edwin Ernesto Juárez Monterrosa ...et al], Director general
_pagosto
260 _aSan Salvador (El Salvador)
_bComando de Doctrina y Educación Militar
_c2018
300 _a62 p.
_bil.
_c28 cm
490 _aEducación militar y cultura
_v10
505 _aContiene: La docencia superior en el área humanística en El Salvador.- La importancia de la ética en la educación.- La insurrección del 5 de noviembre de 1811.- Historia nunca contada.- Actividades educativas militares.-
650 2 4 _921651
_aFuerzas armadas
_zEl Salvador
_xHistoria
700 1 _944166
_aJuárez Monterrosa, Edwin Ernesto
_cGral. Bgda.
942 _2ddc
_cPR
_hprozim
999 _c31003
_d31003